| 000 | 00891nam a22002417a 4500 | ||
|---|---|---|---|
| 005 | 20240530110907.0 | ||
| 008 | 220214s2008 ua g 000 0 ara d | ||
| 017 |
_bمصر. دار الكتب _a2008/1601 |
||
| 020 | _a9772936038 | ||
| 040 |
_aEG-CaGPL _cEG-CaGPL |
||
| 082 | 0 | 4 |
_221 _a327.16 / _bح ا |
| 100 | 0 | _aحامد عمار | |
| 245 | 1 | 0 |
_aاعاصير الشرق الاوسط وتداعياتها السياسية والتربوية / _cحامد عمار |
| 250 | _aط. 1 | ||
| 260 |
_aالقاهرة : _bمكتبة الدار العربية للكتاب، _c2008 |
||
| 300 |
_a207 ص. ؛ _c24 سم |
||
| 490 | 0 | _aدراسات فى التربية والثقافة | |
| 650 | 0 | 7 |
_2qrmak _aالشرق الاوسط |
| 650 | 0 | 7 |
_2qrmak _aالنزاع العربى الاسرائيلى |
| 651 | _2qrmak | ||
| 942 |
_2ddc _cBK |
||
| 999 |
_c66231 _d66231 |
||